movies with cities in the title - Statistics

General Stats
  • This quiz has been taken 60 times
  • The average score is 9 of 15
Answer Stats
title starring year
city
% Correct
The Grand ________ Hotel Ralph Fiennes 2014 Budapest
89%
Sleepless in _______ Meg Ryan 1993 Seattle
87%
The Fast and the Furious: _____ Drift Lucas Black 2006 Tokyo
87%
Midnight in _____ Owen Wilson 2011 Paris
80%
__________ Humphrey Bogart 1942 Casablanca
75%
Fear and Loathing in ___ _____ Benicio del Toro 1998 Los Vegas
75%
_____ Holiday Audrey Hepburn 1953 Roman
69%
_____ Frances McDormand 1996 Fargo
60%
Mr. Smith Goes to __________ Jimmy Stewart 1939 Washington
55%
_______ Renée Zellweger 2002 Chicago
51%
In ______ Colin Farrell 2008 Bruges
49%
The ____________ Story Katharine Hepburn 1940 Philadelphia
49%
Train to _____ Gong Yoo 2016 Busan
38%
Judgment at _________ Spencer Tracy 1961 Nuremberg
38%
The __________ Limited Jason Schwartzman 2007 Darjeeling
25%
No matching quizzes found
Score Distribution
Percent of People with Each Score
Percentile by Number Answered
Your Score History
You have not taken this quiz